| 000 | 00851nam a2200253Ia 4500 | ||
|---|---|---|---|
| 003 | OSt | ||
| 005 | 20221005092822.0 | ||
| 006 | a|||||r|||| 00| 0 | ||
| 007 | ta | ||
| 008 | 221004b |||||||| |||| 00| 0 eng d | ||
| 020 |
_a9783211094501 (hbk) _c8745.63 |
||
| 024 | _a95033 | ||
| 037 |
_b5893, 13/03/2009, Atlantic Publisher & Dist. Pvt Ltd. _cTextual |
||
| 040 |
_aCRL _cCRL _beng |
||
| 041 |
_2eng _aeng |
||
| 082 | _aSM9:1, P9 | ||
| 100 |
_aDietrich Dietmar ...[et al] Ed. _9617798 |
||
| 245 | 0 |
_aSimulating the mind _b A technical neuropsychoanalytical approach |
|
| 260 |
_aNew York _bSpringer Wien U.S.A _c2009 |
||
| 300 |
_axvii, 436p. _ccm. |
||
| 650 | _aPSYCHOLOGY | ||
| 942 |
_hSM9:1, P9 _cTEXL _2cc |
||
| 999 |
_c999396 _d999396 |
||